[Event "New Year Major 2023"]
[Site "?"]
[Date "2023.01.07"]
[Round "2"]
[White "Hollyman, Mike"]
[Black "Frame, Robert"]
[Result "1-0"]
[WhiteElo "1442"]
[BlackElo "1042"]
[PlyCount "89"]
[SourceVersionDate "2023.01.18"]

1. c4 f5 2. Nc3 g6 3. g3 Bg7 4. Bg2 Nf6 5. e3 c6 6. Nge2 O-O 7. O-O Na6 8. d4 d6 9. b3 Nc7 10. e4 fxe4 11. Nxe4 b5 12. Nxf6+ Bxf6 13. Bxc6 Rb8 14. Bh6 Bh3 15. Re1 Rf7 16. Nf4 Bc8 17. Nd5 Bb7 18. Nxf6+ Rxf6 19. Bxb7 Rxb7 20. Bg5 Rf7 21. Qe2 Kf8 22. Rad1 bxc4 23. bxc4 d5 24. Rd3 dxc4 25. Rf3 Nd5 26. Rxf7+ Kxf7 27. Qe6+ Kg7 28. Qe5+ Kf7 29. Bh6 c3 30. Qe6+ Ke8 31. Qg8+ Kd7 32. Qxd5+ Kc8 33. Qxd8+ Kxd8 34. Rc1 Rb2 35. Rxc3 Rxa2 36. Re3 Kd7 37. Bg5 e6 38. Rf3 Kd6 39. Rf7 h5 40. Rg7 Kd5 41. Be3 Ke4 42. Rxg6 Kf3 43. Rf6+ Kg4 44. Kg2 a5 45. h3# 1-0

[Event "New Year Major 2023"]
[Site "?"]
[Date "2023.01.07"]
[Round "2"]
[White "Powell, Andrew"]
[Black "Enoch, Kristan"]
[Result "0-1"]
[WhiteElo "1023"]
[BlackElo "923"]
[PlyCount "70"]
[SourceVersionDate "2023.01.18"]

1. d4 d5 2. Bf4 Nf6 3. e3 Bf5 4. c3 e6 5. Nf3 c5 6. Nbd2 Nbd7 7. Be2 Be7 8. O-O O-O 9. h3 h6 10. Ne5 Nxe5 11. Bxe5 Qb6 12. Qc1 Rac8 13. Bxf6 Bxf6 14. Bf3 cxd4 15. e4 dxe4 16. Bxe4 Bxe4 17. Nxe4 Be7 18. Qd2 dxc3 19. bxc3 Qc6 20. Rfe1 Rfd8 21. Qc2 Rd7 22. a3 Rdc7 23. Rec1 Bc5 24. Nxc5 Qxc5 25. Qd2 Qa5 26. Rc2 b6 27. Raa2 Rxc3 28. Rxc3 Rxc3 29. Qb2 Qc5 30. Ra1 Rc2 31. Qxc2 Qxc2 32. a4 Qb2 33. Rd1 Qa3 34. Rd8+ Kh7 35. Rd4 Qa1+ 0-1

[Event "New Year Major 2023"]
[Site "?"]
[Date "2023.01.07"]
[Round "2"]
[White "Williams, James"]
[Black "Belochkin, David"]
[Result "1-0"]
[WhiteElo "1232"]
[BlackElo "1300"]
[PlyCount "57"]
[SourceVersionDate "2023.01.19"]

1. e4 e5 2. Nc3 Nc6 3. Bc4 Nf6 4. d3 d6 5. f4 Nd4 6. Nf3 Bg4 7. Be3 Nxf3+ 8. gxf3 Bh5 9. Qe2 a6 10. O-O-O Qd7 11. h3 O-O-O 12. Rdf1 g6 13. fxe5 dxe5 14. Bg5 Be7 15. Bxf7 Rhf8 16. Bc4 Kb8 17. Qe3 Qd4 18. Qxd4 Rxd4 19. f4 exf4 20. Rxf4 b5 21. Bb3 Kb7 22. Rhf1 b4 23. Nd5 Nxd5 24. Bxd5+ c6 25. Bxc6+ Kxc6 26. Bxe7 Rxf4 27. Rxf4 a5 28. Rf6+ Kd7 29. Bc5 1-0

[Event "New Year Major 2023"]
[Site "?"]
[Date "2023.01.06"]
[Round "1"]
[White "Philpin, Les"]
[Black "Hollyman, Mile"]
[Result "1-0"]
[WhiteElo "1722"]
[BlackElo "1442"]
[PlyCount "101"]
[SourceVersionDate "2023.01.20"]

1. d4 Nf6 2. Nf3 d5 3. Bf4 Bf5 4. e3 e6 5. c3 a6 6. Nbd2 c5 7. Ne5 Be7 8. Be2 Nbd7 9. Ndf3 O-O 10. Nh4 Nxe5 11. Nxf5 exf5 12. Bxe5 Nd7 13. Bg3 cxd4 14. exd4 Qb6 15. Qd2 Rfe8 16. O-O Nf6 17. f3 Nh5 18. Bf2 Bd6 19. Bd3 Bf4 20. Qc2 Qd6 21. g3 Be3 22. Kg2 g6 23. Bxe3 Rxe3 24. Rae1 Rae8 25. Rxe3 Rxe3 26. Kf2 f4 27. g4 Ng7 28. Qd2 Qe7 29. b3 Qh4+ 30. Kg2 h5 31. gxh5 Nxh5 32. c4 Qf6 33. Bc2 Qe6 34. Rf2 dxc4 35. d5 Qd6 36. bxc4 Nf6 37. Qd4 Nd7 38. Bd1 Nc5 39. Re2 Ne6 40. Qd2 Rxe2+ 41. Qxe2 Nd4 42. Qe4 Nf5 43. Bb3 Ne3+ 44. Kf2 Qc5 45. Ke2 Qd6 46. Kd3 Kf8 47. Kc3 f5 48. Qd4 g5 49. c5 Qd7 50. Qh8+ Kf7 51. c6 1-0

[Event "New Year Major 2023"]
[Site "?"]
[Date "2023.01.06"]
[Round "1"]
[White "Belochkin, David"]
[Black "Sharhorodsky, Yaroslav"]
[Result "0-1"]
[WhiteElo "1300"]
[BlackElo "1721"]
[PlyCount "42"]
[SourceVersionDate "2023.01.20"]

1. d4 Nf6 2. Bf4 e6 3. Nf3 b6 4. e3 Bb7 5. c3 Be7 6. Bd3 Ne4 7. O-O O-O 8. Qc2 f5 9. Nbd2 Nxd2 10. Nxd2 d6 11. Qb3 Qd7 12. Bg3 Nc6 13. c4 g5 14. f4 g4 15. Qc3 Bf6 16. Qc2 Nb4 17. Qc3 Nxd3 18. Qxd3 Qc6 19. Rf2 h5 20. h4 gxh3 21. gxh3 Qh1# 0-1

[Event "New Year Major 2023"]
[Site "?"]
[Date "2023.01.06"]
[Round "1"]
[White "Hurn, Robert"]
[Black "Williams, James"]
[Result "1-0"]
[WhiteElo "1610"]
[BlackElo "1232"]
[PlyCount "49"]
[SourceVersionDate "2023.01.20"]

1. d4 d5 2. c4 c6 3. Nc3 Nf6 4. e3 Bg4 5. f3 Bh5 6. Nh3 e6 7. c5 Be7 8. Bd3 O-O 9. Qc2 Bg6 10. O-O Bxd3 11. Qxd3 h6 12. b4 a6 13. e4 dxe4 14. fxe4 b6 15. Rd1 Nbd7 16. Qg3 Nh5 17. Qf3 Nhf6 18. e5 Nd5 19. Nxd5 exd5 20. Qg4 f5 21. Qg6 Rc8 22. Bxh6 Rf7 23. e6 Bf6 24. Ng5 Bxg5 25. Qxf7+ 1-0

[Event "New Year Major 2023"]
[Site "?"]
[Date "2023.01.06"]
[Round "1"]
[White "Frame, Robert"]
[Black "Binesmael, Mohamed"]
[Result "0-1"]
[WhiteElo "1042"]
[BlackElo "1548"]
[PlyCount "66"]
[SourceVersionDate "2023.01.20"]

1. e4 c6 2. d3 d5 3. Nf3 dxe4 4. Ng5 h6 5. Nxe4 Bf5 6. Nbd2 e6 7. a3 Nd7 8. b3 Qc7 9. Be2 Bh7 10. d4 f5 11. Nc3 O-O-O 12. Bf3 g5 13. g4 Bg7 14. Bb2 Bxd4 15. Nc4 Ne5 16. Qe2 Nxf3+ 17. Qxf3 b5 18. Ne2 Bxb2 19. Nxb2 fxg4 20. Qe3 Nf6 21. Qxe6+ Nd7 22. O-O-O Rhe8 23. Qxg4 Re4 24. f4 Rde8 25. Nd4 Rxf4 26. Qh5 Nf6 27. Qxh6 Rf2 28. Qh3+ Kb7 29. Rd2 Rxd2 30. Kxd2 Qf4+ 31. Kd1 Qxd4+ 32. Kc1 Re2 33. c3 Qd2# 0-1

[Event "New Year Major 2023"]
[Site "?"]
[Date "2023.01.06"]
[Round "1"]
[White "Peters, Chris"]
[Black "Teisar, Vince"]
[Result "1-0"]
[WhiteElo "1537"]
[BlackElo "850"]
[PlyCount "71"]
[SourceVersionDate "2023.01.20"]

1. e4 e6 2. e5 b6 3. Nf3 Bb7 4. d4 d6 5. Bd3 Nd7 6. Bf4 dxe5 7. dxe5 Ne7 8. Nbd2 Ng6 9. Bg3 Be7 10. Qe2 O-O 11. h4 f6 12. O-O-O fxe5 13. Bxg6 hxg6 14. h5 gxh5 15. Rxh5 Kf7 16. Nc4 Bd5 17. Ncxe5+ Nxe5 18. Nxe5+ Ke8 19. Qg4 Bf6 20. Qg6+ Ke7 21. Nc6+ Bxc6 22. Rxd8 Raxd8 23. Bh4 Rg8 24. Bxf6+ gxf6 25. Rh7+ Kd6 26. Qd3+ Ke5 27. f4+ Kxf4 28. Qc4+ Be4 29. Rh4+ Rg4 30. Rxg4+ Kxg4 31. Qxe4+ Kg5 32. Qxe6 Rd6 33. Qe3+ Kg6 34. Qa3 a5 35. Qc3 c5 36. Qg3+ 1-0